[Event "Russian Higher League 2021"]
[Site "?"]
[Date "2021.06.29"]
[Round "4.17"]
[White "Lobanov, Sergei"]
[Black "Truskavetsky, Alexandr"]
[Result "1-0"]
[WhiteElo "2514"]
[BlackElo "2386"]
[Annotator ""]
[Source ""]
[Remark ""]

1.e4 {[%clk 1:30:55]} c5 {[%clk 1:30:55]} 2.Nf3 {[%clk 1:30:54]}
d6 {[%clk 1:31:18]} 3.d4 {[%clk 1:31:15]} cxd4 {[%clk 1:31:41]}
4.Nxd4 {[%clk 1:31:42]} Nf6 {[%clk 1:32:05]} 5.Nc3 {[%clk 1:32:07]}
Nc6 {[%clk 1:32:25]} 6.Bg5 {[%clk 1:32:07]} g6 {[%clk 1:32:43]}
7.Bxf6 {[%clk 1:30:23]} exf6 {[%clk 1:33:02]} 8.Bc4 {[%clk 1:30:19]}
Bg7 {[%clk 1:33:22]} 9.Ndb5 {[%clk 1:27:56]} O-O {[%clk 1:33:43]}
10.O-O {[%clk 1:26:45]} f5 {[%clk 1:32:30]} 11.exf5 {[%clk 1:25:14]}
Bxf5 {[%clk 1:32:21]} 12.Nxd6 {[%clk 1:23:10]} Bxc2 {[%clk 1:29:49]}
13.Nxf7 {[%clk 1:18:24]} Qxd1 {[%clk 1:28:27]} 14.Ng5+ {[%clk 1:15:04]}
Kh8 {[%clk 1:28:47]} 15.Nxd1 {[%clk 1:15:31]} Ne5 {[%clk 1:17:27]}
16.Bd5 {[%clk 1:14:11]} Rad8 {[%clk 1:14:09]} 17.Ne3 {[%clk 1:11:03]}
Bf5 {[%clk 0:53:23]} 18.Rad1 {[%clk 1:06:27]} h6 {[%clk 0:31:42]}
19.Nxf5 {[%clk 1:00:49]} Rxf5 {[%clk 0:30:32]} 20.Ne4 {[%clk 0:58:59]}
Rxd5 {[%clk 0:29:10]} 21.Rxd5 {[%clk 0:59:27]} Nf3+ {[%clk 0:29:32]}
22.gxf3 {[%clk 0:59:55]} Rxd5 {[%clk 0:29:54]} 23.Rc1 {[%clk 0:59:53]}
Bxb2 {[%clk 0:27:27]} 24.Rc8+ {[%clk 1:00:13]} Kg7 {[%clk 0:27:44]}
25.Rc7+ {[%clk 1:00:40]} Kf8 {[%clk 0:28:02]} 26.Rxb7 {[%clk 1:01:07]}
Bd4 {[%clk 0:28:23]} 27.Kg2 {[%clk 0:59:44]} Ra5 {[%clk 0:23:36]}
28.Rb4 {[%clk 0:57:14]} Bb6 {[%clk 0:23:55]} 29.a4 {[%clk 0:57:24]}
Ke7 {[%clk 0:24:07]} 30.f4 {[%clk 0:56:27]} Rd5 {[%clk 0:19:16]}
31.Kf3 {[%clk 0:48:07]} Rd3+ {[%clk 0:14:31]} 32.Kg4 {[%clk 0:48:06]}
Kf7 {[%clk 0:12:43]} 33.f5 {[%clk 0:40:10]} gxf5+ {[%clk 0:09:51]}
34.Kxf5 {[%clk 0:40:39]} Rh3 {[%clk 0:09:53]} 35.Nd6+ {[%clk 0:38:42]}
Kf8 {[%clk 0:02:15]} 36.Kg6 {[%clk 0:37:22]} Bc5 {[%clk 0:02:10]}
37.Rb8+ {[%clk 0:12:46]} Ke7 {[%clk 0:02:33]} 38.Ne4 {[%clk 0:12:39]}
Bd4 {[%clk 0:02:04]} 39.f4 {[%clk 0:08:28]} Rxh2 {[%clk 0:02:25]}
40.f5 {[%clk 0:38:48]} Rg2+ {[%clk 0:31:38]} 41.Kxh6 {[%clk 0:33:54]}
Rg4 {[%clk 0:25:44]} 42.Rb7+ {[%clk 0:28:42]} Kd8 {[%clk 0:17:53]}
43.Ng5 {[%clk 0:26:01]} Be3 {[%clk 0:10:43]} 44.Rg7 {[%clk 0:26:18]}
Rxa4 {[%clk 0:01:56]} 45.Kh5 {[%clk 0:16:42]} Bxg5 {[%clk 0:01:08]}
46.Kxg5 {[%clk 0:17:06]} Ke8 {[%clk 0:01:18]} 47.Kg6 {[%clk 0:17:20]}
Rf4 {[%clk 0:00:53]} 48.Rxa7 {[%clk 0:17:26]} Rf1 {[%clk 0:00:36]}
49.Kf6 {[%clk 0:17:35]} Rf2 {[%clk 0:00:43]} 50.Ra8+ {[%clk 0:17:51]}
Kd7 {[%clk 0:01:02]} 51.Rf8 {[%clk 0:17:07]} Rf1 {[%clk 0:01:18]}
52.Kg7 {[%clk 0:17:25]} 1-0

[Event "Russian Higher League 2021"]
[Site "?"]
[Date "2021.06.29"]
[Round "4.18"]
[White "Kezin, Roman"]
[Black "Samusenko, Maksim"]
[Result "1/2-1/2"]
[WhiteElo "2486"]
[BlackElo "2460"]
[Annotator ""]
[Source ""]
[Remark ""]

1.d4 {[%clk 1:30:58]} d6 {[%clk 1:30:37]} 2.Nf3 {[%clk 1:31:23]}
Bg4 {[%clk 1:30:42]} 3.c4 {[%clk 1:31:12]} Nd7 {[%clk 1:30:49]}
4.Nc3 {[%clk 1:30:28]} e5 {[%clk 1:30:42]} 5.g3 {[%clk 1:30:54]}
Be7 {[%clk 1:30:14]} 6.Bg2 {[%clk 1:31:08]} c6 {[%clk 1:30:00]}
7.O-O {[%clk 1:31:02]} Ngf6 {[%clk 1:30:07]} 8.h3 {[%clk 1:25:40]}
Bh5 {[%clk 1:28:48]} 9.Nh4 {[%clk 1:18:07]} O-O {[%clk 1:28:25]}
10.b3 {[%clk 0:40:01]} Re8 {[%clk 1:20:10]} 11.g4 {[%clk 0:37:29]}
Bg6 {[%clk 1:18:27]} 12.Bb2 {[%clk 0:34:08]} Qc7 {[%clk 1:08:32]}
13.Nxg6 {[%clk 0:32:13]} hxg6 {[%clk 1:08:53]} 14.Qd2 {[%clk 0:32:33]}
a6 {[%clk 1:05:18]} 15.Rac1 {[%clk 0:20:40]} Rac8 {[%clk 1:01:31]}
16.Kh1 {[%clk 0:21:00]} Qd8 {[%clk 0:54:14]} 17.f4 {[%clk 0:12:40]}
exd4 {[%clk 0:53:04]} 18.Qxd4 {[%clk 0:13:04]} d5 {[%clk 0:53:17]}
19.cxd5 {[%clk 0:04:24]} Bc5 {[%clk 0:53:09]} 20.Qd3 {[%clk 0:03:49]}
Re3 {[%clk 0:46:52]} 21.Qd2 {[%clk 0:04:18]} Nxg4 {[%clk 0:45:42]}
22.Nd1 {[%clk 0:04:46]} Qh4 {[%clk 0:27:43]} 23.Nxe3 {[%clk 0:05:07]}
Bxe3 {[%clk 0:28:01]} 24.Qe1 {[%clk 0:04:50]} Nf2+ {[%clk 0:27:30]}
25.Rxf2 {[%clk 0:05:16]} Bxf2 {[%clk 0:27:55]} 26.Qb4 {[%clk 0:02:52]}
Rd8 {[%clk 0:18:00]} 27.Qxb7 {[%clk 0:01:33]} Nc5 {[%clk 0:18:07]}
28.Qb4 {[%clk 0:01:09]} Rxd5 {[%clk 0:17:22]} 29.Qc3 {[%clk 0:00:32]}
Bd4 {[%clk 0:16:55]} 30.Qc2 {[%clk 0:00:54]} Bxb2 {[%clk 0:16:57]}
31.Qxb2 {[%clk 0:01:21]} Ne4 {[%clk 0:16:43]} 32.Qc2 {[%clk 0:00:35]}
Nf2+ {[%clk 0:15:54]} 33.Kg1 {[%clk 0:00:59]} Nxh3+ {[%clk 0:16:13]}
34.Bxh3 {[%clk 0:01:27]} Qxh3 {[%clk 0:16:37]} 35.Qe4 {[%clk 0:01:39]}
Rh5 {[%clk 0:12:46]} 36.Rxc6 {[%clk 0:00:46]} Rh4 {[%clk 0:13:03]}
37.Kf2 {[%clk 0:00:44]} Rg4 {[%clk 0:11:37]} 38.Ke1 {[%clk 0:00:34]}
Qg3+ {[%clk 0:03:08]} 39.Kd2 {[%clk 0:00:56]} Rxf4 {[%clk 0:02:15]}
40.Rc8+ {[%clk 0:30:35]} Kh7 {[%clk 0:32:41]} 41.Qd5 {[%clk 0:08:02]}
Qf2 {[%clk 0:26:29]} 42.Rd8 {[%clk 0:05:09]} Rf5 {[%clk 0:24:18]}
43.Qa8 {[%clk 0:04:44]} Qf4+ {[%clk 0:22:13]} 44.Kd1 {[%clk 0:05:07]}
Kh6 {[%clk 0:17:32]} 45.Qh1+ {[%clk 0:03:28]} Rh5 {[%clk 0:12:36]}
46.Qg2 {[%clk 0:01:48]} Kh7 {[%clk 0:09:29]} 47.Qa8 {[%clk 0:02:14]}
Kh6 {[%clk 0:09:16]} 48.Qg2 {[%clk 0:02:35]} 1/2-1/2

[Event "Russian Higher League 2021"]
[Site "?"]
[Date "2021.06.29"]
[Round "4.19"]
[White "Dudin, Gleb"]
[Black "Zabotin, Alexander"]
[Result "1/2-1/2"]
[WhiteElo "2439"]
[BlackElo "2506"]
[Annotator ""]
[Source ""]
[Remark ""]

1.d4 {[%clk 1:27:15]} d5 {[%clk 1:30:55]} 2.Nf3 {[%clk 1:27:14]}
Nf6 {[%clk 1:31:16]} 3.c4 {[%clk 1:26:58]} c6 {[%clk 1:31:42]}
4.Nc3 {[%clk 1:24:44]} e6 {[%clk 1:31:54]} 5.g3 {[%clk 1:24:44]}
Be7 {[%clk 1:31:55]} 6.Bg2 {[%clk 1:24:31]} O-O {[%clk 1:32:19]}
7.O-O {[%clk 1:23:59]} b6 {[%clk 1:32:46]} 8.Qc2 {[%clk 1:20:08]}
Ba6 {[%clk 1:32:38]} 9.b3 {[%clk 1:04:32]} Nbd7 {[%clk 1:31:52]}
10.Rd1 {[%clk 1:04:00]} Rc8 {[%clk 1:31:24]} 11.e4 {[%clk 1:01:49]}
dxc4 {[%clk 1:31:33]} 12.Bf4 {[%clk 1:00:36]} Nh5 {[%clk 1:21:45]}
13.Be3 {[%clk 0:59:05]} Nhf6 {[%clk 1:22:12]} 14.Bf4 {[%clk 0:58:50]}
Nh5 {[%clk 1:22:38]} 15.Be3 {[%clk 0:59:11]} Nhf6 {[%clk 1:20:39]}
16.h3 {[%clk 0:35:20]} b5 {[%clk 1:14:45]} 17.bxc4 {[%clk 0:30:15]}
bxc4 {[%clk 1:15:13]} 18.Rab1 {[%clk 0:28:16]} Rb8 {[%clk 1:09:01]}
19.Qa4 {[%clk 0:22:44]} Bb5 {[%clk 0:57:16]} 20.Nxb5 {[%clk 0:20:25]}
cxb5 {[%clk 0:57:42]} 21.Rxb5 {[%clk 0:20:40]} Rxb5 {[%clk 0:55:53]}
22.Qxb5 {[%clk 0:21:07]} Nxe4 {[%clk 0:55:53]} 23.Qxc4 {[%clk 0:18:20]}
Nb6 {[%clk 0:54:53]} 24.Qd3 {[%clk 0:16:02]} Nf6 {[%clk 0:45:24]}
25.Ne5 {[%clk 0:15:20]} Nfd5 {[%clk 0:43:49]} 26.Bd2 {[%clk 0:12:03]}
Bf6 {[%clk 0:37:09]} 27.Ng4 {[%clk 0:11:21]} Qd7 {[%clk 0:32:17]}
28.Be4 {[%clk 0:07:58]} h6 {[%clk 0:25:29]} 29.Qf3 {[%clk 0:06:48]}
Bg5 {[%clk 0:23:50]} 30.Bxg5 {[%clk 0:02:37]} hxg5 {[%clk 0:24:16]}
31.Bc2 {[%clk 0:02:21]} Rc8 {[%clk 0:20:03]} 32.Bb3 {[%clk 0:01:23]}
Rc3 {[%clk 0:17:45]} 33.Rd3 {[%clk 0:01:20]} Rc1+ {[%clk 0:17:15]}
34.Kg2 {[%clk 0:01:03]} Qc7 {[%clk 0:16:30]} 35.Ne3 {[%clk 0:00:48]}
Nb4 {[%clk 0:13:19]} 36.Rd1 {[%clk 0:00:46]} Rxd1 {[%clk 0:12:03]}
37.Qxd1 {[%clk 0:00:56]} Qc6+ {[%clk 0:07:42]} 38.Qf3 {[%clk 0:00:49]}
Qd6 {[%clk 0:07:38]} 39.Qe4 {[%clk 0:00:51]} g6 {[%clk 0:03:42]}
40.a3 {[%clk 0:30:37]} Qc6 {[%clk 0:31:38]} 41.Kf3 {[%clk 0:24:48]}
N4d5 {[%clk 0:32:00]} 42.Bxd5 {[%clk 0:24:52]} Nxd5 {[%clk 0:30:50]}
43.Nxd5 {[%clk 0:25:11]} exd5 {[%clk 0:31:15]} 44.Qe5 {[%clk 0:24:23]}
Qd7 {[%clk 0:28:03]} 45.Kg2 {[%clk 0:21:51]} Qd8 {[%clk 0:28:20]}
46.Kh2 {[%clk 0:18:34]} 1/2-1/2

[Event "Russian Higher League 2021"]
[Site "?"]
[Date "2021.06.29"]
[Round "4.20"]
[White "Borisov, Maxim S."]
[Black "Savitskiy, Sergey"]
[Result "0-1"]
[WhiteElo "2051"]
[BlackElo "2437"]
[Annotator ""]
[Source ""]
[Remark ""]

1.d4 {[%clk 1:30:57]} d5 {[%clk 1:30:11]} 2.c4 {[%clk 1:31:21]}
dxc4 {[%clk 1:30:36]} 3.e4 {[%clk 1:31:44]} Nf6 {[%clk 1:31:00]}
4.e5 {[%clk 1:32:02]} Nd5 {[%clk 1:31:25]} 5.Bxc4 {[%clk 1:32:25]}
Nb6 {[%clk 1:31:48]} 6.Bb3 {[%clk 1:32:34]} Nc6 {[%clk 1:32:08]}
7.Ne2 {[%clk 1:32:48]} Bf5 {[%clk 1:31:45]} 8.Nbc3 {[%clk 1:32:22]}
e6 {[%clk 1:31:59]} 9.O-O {[%clk 1:30:55]} Qd7 {[%clk 1:32:09]}
10.Be3 {[%clk 1:30:55]} O-O-O {[%clk 1:32:29]} 11.Qc1 {[%clk 1:31:14]}
Kb8 {[%clk 1:32:10]} 12.Rd1 {[%clk 1:31:33]} Qe8 {[%clk 1:30:49]}
13.Ng3 {[%clk 1:29:47]} Bg6 {[%clk 1:31:07]} 14.Nge4 {[%clk 1:29:49]}
Bxe4 {[%clk 1:30:32]} 15.Nxe4 {[%clk 1:30:11]} f6 {[%clk 1:30:51]}
16.a3 {[%clk 1:09:18]} Qg6 {[%clk 1:18:12]} 17.Nc3 {[%clk 1:05:57]}
fxe5 {[%clk 1:10:53]} 18.dxe5 {[%clk 1:05:52]} Be7 {[%clk 1:11:19]}
19.f4 {[%clk 0:58:21]} Rxd1+ {[%clk 1:07:32]} 20.Qxd1 {[%clk 0:58:19]}
Rd8 {[%clk 1:07:33]} 21.Qb1 {[%clk 0:55:23]} Qh6 {[%clk 1:01:44]}
22.Qe4 {[%clk 0:53:14]} g5 {[%clk 1:02:06]} 23.g3 {[%clk 0:44:43]}
gxf4 {[%clk 0:59:09]} 24.gxf4 {[%clk 0:44:51]} Qh3 {[%clk 0:54:28]}
25.Kh1 {[%clk 0:33:02]} Na5 {[%clk 0:53:38]} 26.Ba2 {[%clk 0:30:30]}
Nbc4 {[%clk 0:48:10]} 27.Bg1 {[%clk 0:29:21]} a6 {[%clk 0:29:24]}
28.Ne2 {[%clk 0:13:54]} Nb3 {[%clk 0:18:45]} 29.Bxb3 {[%clk 0:11:23]}
Qxb3 {[%clk 0:18:25]} 30.Nd4 {[%clk 0:10:38]} Qh3 {[%clk 0:08:19]}
31.Qg2 {[%clk 0:08:55]} Qh6 {[%clk 0:04:00]} 32.b3 {[%clk 0:07:03]}
Nxa3 {[%clk 0:02:30]} 33.Qg4 {[%clk 0:06:33]} Qg6 {[%clk 0:01:04]}
34.Qxg6 {[%clk 0:04:29]} hxg6 {[%clk 0:01:29]} 35.Nxe6 {[%clk 0:04:53]}
Rd2 {[%clk 0:01:51]} 36.Bc5 {[%clk 0:01:40]} Bxc5 {[%clk 0:02:13]}
37.Nxc5 {[%clk 0:02:09]} Nb5 {[%clk 0:01:44]} 38.Re1 {[%clk 0:00:33]}
Nd4 {[%clk 0:00:49]} 39.Re3 {[%clk 0:00:33]} Nf5 {[%clk 0:00:54]}
40.Rh3 {[%clk 0:30:31]} a5 {[%clk 0:30:33]} 41.Kg1 {[%clk 0:24:53]}
b6 {[%clk 0:28:41]} 42.Ne6 {[%clk 0:21:45]} c5 {[%clk 0:27:35]}
43.Nf8 {[%clk 0:19:00]} b5 {[%clk 0:22:21]} 44.e6 {[%clk 0:15:26]}
c4 {[%clk 0:17:30]} 45.bxc4 {[%clk 0:14:11]} b4 {[%clk 0:17:44]}
46.Nxg6 {[%clk 0:10:42]} a4 {[%clk 0:15:36]} 47.Rh5 {[%clk 0:10:57]}
Nd6 {[%clk 0:05:17]} 48.Ra5 {[%clk 0:00:49]} a3 {[%clk 0:04:42]}
49.e7 {[%clk 0:01:06]} a2 {[%clk 0:03:44]} 50.c5 {[%clk 0:00:39]}
Ne8 {[%clk 0:04:08]} 51.Ne5 {[%clk 0:00:31]} b3 {[%clk 0:02:32]}
52.Nc4 {[%clk 0:00:32]} Rd1+ {[%clk 0:02:39]} 53.Kg2 {[%clk 0:00:57]}
a1Q {[%clk 0:02:49]} 54.Rxa1 {[%clk 0:01:21]} Rxa1 {[%clk 0:03:16]}
55.h4 {[%clk 0:01:24]} Kc7 {[%clk 0:03:03]} 56.h5 {[%clk 0:01:42]}
Re1 {[%clk 0:02:49]} 0-1

[Event "Russian Higher League 2021"]
[Site "?"]
[Date "2021.06.29"]
[Round "4.21"]
[White "Saveliev, Alexei"]
[Black "Pogosyan, Stefan"]
[Result "1/2-1/2"]
[WhiteElo "2381"]
[BlackElo "2413"]
[Annotator ""]
[Source ""]
[Remark ""]

1.e4 {[%clk 1:30:58]} e5 {[%clk 1:30:00]} 2.Nf3 {[%clk 1:31:22]}
Nc6 {[%clk 1:30:25]} 3.Bb5 {[%clk 1:31:48]} a6 {[%clk 1:30:49]}
4.Ba4 {[%clk 1:32:12]} Nf6 {[%clk 1:31:05]} 5.O-O {[%clk 1:32:37]}
Be7 {[%clk 1:31:24]} 6.Re1 {[%clk 1:33:02]} b5 {[%clk 1:31:31]}
7.Bb3 {[%clk 1:33:27]} d6 {[%clk 1:31:57]} 8.c3 {[%clk 1:33:49]}
O-O {[%clk 1:32:13]} 9.h3 {[%clk 1:34:13]} Nb8 {[%clk 1:32:40]}
10.d4 {[%clk 1:34:30]} Nbd7 {[%clk 1:33:04]} 11.c4 {[%clk 1:32:50]}
c6 {[%clk 1:33:10]} 12.a3 {[%clk 1:32:51]} Bb7 {[%clk 1:23:32]}
13.Nc3 {[%clk 1:32:59]} Qc7 {[%clk 1:21:19]} 14.Be3 {[%clk 1:19:18]}
exd4 {[%clk 1:10:44]} 15.Nxd4 {[%clk 1:19:29]} Nc5 {[%clk 1:10:42]}
16.Nf5 {[%clk 1:18:48]} Nxb3 {[%clk 1:08:10]} 17.Qxb3 {[%clk 1:15:30]}
Bc8 {[%clk 1:03:26]} 18.cxb5 {[%clk 0:54:06]} axb5 {[%clk 1:03:43]}
19.Rac1 {[%clk 0:54:22]} Bxf5 {[%clk 1:00:24]} 20.exf5 {[%clk 0:54:20]}
Qd7 {[%clk 0:59:03]} 21.Bd4 {[%clk 0:40:37]} d5 {[%clk 0:54:28]}
22.Na2 {[%clk 0:37:25]} Rac8 {[%clk 0:43:51]} 23.a4 {[%clk 0:25:33]}
bxa4 {[%clk 0:26:20]} 24.Qxa4 {[%clk 0:25:58]} Rfd8 {[%clk 0:23:51]}
25.b4 {[%clk 0:12:53]} Ne4 {[%clk 0:21:04]} 26.Qc2 {[%clk 0:05:22]}
c5 {[%clk 0:18:14]} 27.bxc5 {[%clk 0:05:36]} Bxc5 {[%clk 0:18:39]}
28.Qd3 {[%clk 0:04:21]} Bxd4 {[%clk 0:18:54]} 29.Qxd4 {[%clk 0:04:24]}
Rxc1 {[%clk 0:16:36]} 30.Rxc1 {[%clk 0:04:48]} Qxf5 {[%clk 0:16:56]}
31.Nb4 {[%clk 0:03:31]} h6 {[%clk 0:15:53]} 32.Re1 {[%clk 0:01:43]}
Qf6 {[%clk 0:12:51]} 33.Rd1 {[%clk 0:02:09]} Kf8 {[%clk 0:09:54]}
34.Qe3 {[%clk 0:01:32]} Qe6 {[%clk 0:06:47]} 35.Qa3 {[%clk 0:01:07]}
Qe7 {[%clk 0:03:07]} 36.Qa5 {[%clk 0:01:28]} Qf6 {[%clk 0:03:04]}
37.f3 {[%clk 0:01:04]} Nc3 {[%clk 0:02:30]} 38.Qc5+ {[%clk 0:01:20]}
Kg8 {[%clk 0:02:02]} 39.Nxd5 {[%clk 0:01:32]} Rxd5 {[%clk 0:01:48]}
40.Rxd5 {[%clk 0:31:58]} Nxd5 {[%clk 0:32:12]} 1/2-1/2

[Event "Russian Higher League 2021"]
[Site "?"]
[Date "2021.06.29"]
[Round "4.22"]
[White "Tsvetkov, Andrey"]
[Black "Gitelson, Arkady"]
[Result "1-0"]
[WhiteElo "2412"]
[BlackElo "2230"]
[Annotator ""]
[Source ""]
[Remark ""]

1.d4 {[%clk 1:30:56]} Nf6 {[%clk 1:30:57]} 2.c4 {[%clk 1:31:23]}
e6 {[%clk 1:31:25]} 3.Nc3 {[%clk 1:31:29]} Bb4 {[%clk 1:31:44]}
4.f3 {[%clk 1:31:45]} c5 {[%clk 1:32:11]} 5.d5 {[%clk 1:32:10]}
d6 {[%clk 1:32:38]} 6.e4 {[%clk 1:32:12]} O-O {[%clk 1:32:58]}
7.Nge2 {[%clk 1:32:18]} a6 {[%clk 1:33:24]} 8.Ng3 {[%clk 1:31:57]}
b5 {[%clk 1:33:40]} 9.Be2 {[%clk 1:26:41]} bxc4 {[%clk 1:33:47]}
10.O-O {[%clk 1:26:44]} Bxc3 {[%clk 1:34:11]} 11.bxc3 {[%clk 1:27:12]}
exd5 {[%clk 1:34:38]} 12.exd5 {[%clk 1:27:39]} Nbd7 {[%clk 1:35:05]}
13.Bxc4 {[%clk 0:52:49]} Nb6 {[%clk 1:34:15]} 14.Bd3 {[%clk 0:47:31]}
Nfxd5 {[%clk 1:34:37]} 15.Qc2 {[%clk 0:45:51]} g6 {[%clk 1:11:01]}
16.Be4 {[%clk 0:36:49]} f5 {[%clk 0:58:22]} 17.Bxd5+ {[%clk 0:32:46]}
Nxd5 {[%clk 0:58:47]} 18.c4 {[%clk 0:32:51]} Nb4 {[%clk 0:50:02]}
19.Qd2 {[%clk 0:32:46]} Be6 {[%clk 0:45:00]} 20.Bb2 {[%clk 0:32:22]}
d5 {[%clk 0:42:15]} 21.Rfe1 {[%clk 0:31:05]} Qd7 {[%clk 0:33:24]}
22.cxd5 {[%clk 0:29:54]} Nxd5 {[%clk 0:32:40]} 23.Rad1 {[%clk 0:29:21]}
Rab8 {[%clk 0:18:34]} 24.Qe2 {[%clk 0:25:33]} Bf7 {[%clk 0:08:42]}
25.Qe5 {[%clk 0:24:19]} Rxb2 {[%clk 0:09:08]} 26.Qxb2 {[%clk 0:24:46]}
Qb5 {[%clk 0:09:29]} 27.Qc1 {[%clk 0:19:06]} Nb4 {[%clk 0:08:35]}
28.Nxf5 {[%clk 0:04:01]} gxf5 {[%clk 0:08:50]} 29.Qg5+ {[%clk 0:04:30]}
Bg6 {[%clk 0:08:24]} 30.h4 {[%clk 0:04:03]} Nd3 {[%clk 0:06:01]}
31.Re7 {[%clk 0:02:36]} c4 {[%clk 0:05:15]} 32.h5 {[%clk 0:02:19]}
f4 {[%clk 0:05:34]} 33.Qxb5 {[%clk 0:02:06]} axb5 {[%clk 0:06:00]}
34.hxg6 {[%clk 0:02:33]} hxg6 {[%clk 0:06:28]} 35.Rc7 {[%clk 0:02:19]}
Rf7 {[%clk 0:02:26]} 36.Rc6 {[%clk 0:02:20]} Kg7 {[%clk 0:02:36]}
37.Rb1 {[%clk 0:02:20]} Rf5 {[%clk 0:03:00]} 38.a4 {[%clk 0:02:00]}
bxa4 {[%clk 0:02:30]} 39.Rxc4 {[%clk 0:02:28]} Ra5 {[%clk 0:02:50]}
40.Ra1 {[%clk 0:31:19]} Nc5 {[%clk 0:31:01]} 41.Rxf4 {[%clk 0:30:58]}
Ra7 {[%clk 0:29:00]} 42.Ra3 {[%clk 0:29:45]} Ra5 {[%clk 0:28:51]}
43.g4 {[%clk 0:29:19]} Kh6 {[%clk 0:27:55]} 44.Rd4 {[%clk 0:29:05]}
Rb5 {[%clk 0:25:06]} 45.Rc3 {[%clk 0:28:13]} Ne6 {[%clk 0:22:43]}
46.Rxa4 {[%clk 0:28:22]} Rb2 {[%clk 0:23:11]} 47.Rac4 {[%clk 0:28:11]}
Ng5 {[%clk 0:23:26]} 48.f4 {[%clk 0:28:23]} 1-0

[Event "Russian Higher League 2021"]
[Site "?"]
[Date "2021.06.29"]
[Round "4.23"]
[White "Ibadov, Dashgyn"]
[Black "Grigorjev, Iljya"]
[Result "0-1"]
[WhiteElo "2285"]
[BlackElo "2377"]
[Annotator ""]
[Source ""]
[Remark ""]

1.e4 {[%clk 1:30:56]} e5 {[%clk 1:30:52]} 2.Nf3 {[%clk 1:31:18]}
Nc6 {[%clk 1:31:16]} 3.d4 {[%clk 1:31:41]} exd4 {[%clk 1:31:40]}
4.Nxd4 {[%clk 1:32:08]} Nf6 {[%clk 1:32:03]} 5.Nxc6 {[%clk 1:32:13]}
bxc6 {[%clk 1:32:27]} 6.e5 {[%clk 1:32:38]} Qe7 {[%clk 1:32:53]}
7.Qe2 {[%clk 1:33:03]} Nd5 {[%clk 1:33:18]} 8.c4 {[%clk 1:33:23]}
Ba6 {[%clk 1:33:42]} 9.b3 {[%clk 1:32:44]} g6 {[%clk 1:34:02]}
10.f4 {[%clk 1:29:37]} g5 {[%clk 1:33:04]} 11.f5 {[%clk 1:14:00]}
O-O-O {[%clk 1:32:58]} 12.Bb2 {[%clk 1:12:19]} Qc5 {[%clk 1:12:37]}
13.Nd2 {[%clk 0:29:27]} Ne3 {[%clk 1:09:48]} 14.Ne4 {[%clk 0:24:50]}
Qb6 {[%clk 1:09:32]} 15.Qf2 {[%clk 0:23:16]} Ba3 {[%clk 0:27:54]}
16.Bxa3 {[%clk 0:20:13]} Qa5+ {[%clk 0:28:20]} 17.Qd2 {[%clk 0:07:51]}
Qxe5 {[%clk 0:28:37]} 18.Qxe3 {[%clk 0:07:26]} Qxa1+ {[%clk 0:29:00]}
19.Kf2 {[%clk 0:04:13]} Rhe8 {[%clk 0:29:18]} 20.Qxa7 {[%clk 0:02:46]}
Bb7 {[%clk 0:29:25]} 21.Qd4 {[%clk 0:00:49]} Qxd4+ 22.c5 Qxc5+
{[%clk 0:28:18]} 0-1

[Event "Russian Higher League 2021"]
[Site "?"]
[Date "2021.06.29"]
[Round "4.24"]
[White "Samojlov, Anton"]
[Black "Galaktionov, Artem"]
[Result "1-0"]
[WhiteElo "2372"]
[BlackElo "2318"]
[Annotator ""]
[Source ""]
[Remark ""]

1.d4 {[%clk 1:30:58]} d5 {[%clk 1:28:56]} 2.c4 {[%clk 1:31:17]}
e6 {[%clk 1:29:23]} 3.Nc3 {[%clk 1:31:37]} Nf6 {[%clk 1:29:49]}
4.Nf3 {[%clk 1:31:54]} Be7 {[%clk 1:30:14]} 5.Bg5 {[%clk 1:32:12]}
O-O {[%clk 1:30:34]} 6.e3 {[%clk 1:32:26]} h6 {[%clk 1:31:00]}
7.Bxf6 {[%clk 1:32:35]} Bxf6 {[%clk 1:31:26]} 8.Qb3 {[%clk 1:32:12]}
c6 {[%clk 1:22:49]} 9.Be2 {[%clk 1:32:11]} b6 {[%clk 1:21:27]}
10.O-O {[%clk 1:31:54]} Bb7 {[%clk 1:12:21]} 11.Rfd1 {[%clk 1:31:36]}
Nd7 {[%clk 1:12:13]} 12.a4 {[%clk 1:00:12]} Rb8 {[%clk 0:54:58]}
13.Rac1 {[%clk 0:49:54]} Be7 {[%clk 0:46:29]} 14.cxd5 {[%clk 0:44:56]}
exd5 {[%clk 0:40:27]} 15.e4 {[%clk 0:44:34]} dxe4 {[%clk 0:36:33]}
16.Nxe4 {[%clk 0:44:58]} Nf6 {[%clk 0:35:38]} 17.Ng3 {[%clk 0:44:47]}
Nd5 {[%clk 0:35:58]} 18.Ne5 {[%clk 0:43:38]} Rc8 {[%clk 0:32:32]}
19.Nf5 {[%clk 0:29:00]} Bg5 {[%clk 0:31:54]} 20.Rc2 {[%clk 0:23:42]}
Qf6 {[%clk 0:28:09]} 21.Ng3 {[%clk 0:22:04]} Qe7 {[%clk 0:24:37]}
22.Bg4 {[%clk 0:21:13]} Rc7 {[%clk 0:24:13]} 23.Bf3 {[%clk 0:19:41]}
Rd8 {[%clk 0:23:12]} 24.Re2 {[%clk 0:19:59]} Qf8 {[%clk 0:18:22]}
25.Ree1 {[%clk 0:19:23]} Bf4 {[%clk 0:14:55]} 26.Be4 {[%clk 0:18:08]}
Re7 {[%clk 0:14:19]} 27.Qf3 {[%clk 0:17:35]} Bg5 {[%clk 0:12:43]}
28.h4 {[%clk 0:15:12]} Bf6 {[%clk 0:13:13]} 29.h5 {[%clk 0:15:23]}
Kh8 {[%clk 0:11:08]} 30.Nf5 {[%clk 0:04:41]} Re6 {[%clk 0:11:10]}
31.Qg3 {[%clk 0:05:10]} c5 {[%clk 0:09:51]} 32.f4 {[%clk 0:04:22]}
cxd4 {[%clk 0:10:01]} 33.Nxd4 {[%clk 0:04:32]} Ree8 {[%clk 0:10:00]}
34.Ndf3 {[%clk 0:04:28]} Ba8 {[%clk 0:09:23]} 35.Kh2 {[%clk 0:04:13]}
a5 {[%clk 0:02:48]} 36.Rc1 {[%clk 0:01:32]} Nb4 {[%clk 0:01:57]}
37.Bxa8 Rxa8 38.Rc7 {[%clk 0:01:12]} Re7 {[%clk 0:02:55]} 39.Rxe7
{[%clk 0:01:05]} Bxe7 {[%clk 0:03:24]} 40.Nd7 {[%clk 0:30:40]}
Qd8 {[%clk 0:33:38]} 41.Nxb6 {[%clk 0:30:07]} Ra7 {[%clk 0:27:46]}
42.Nc4 {[%clk 0:29:20]} Bf6 {[%clk 0:25:40]} 43.Nce5 {[%clk 0:28:51]}
Qc8 {[%clk 0:21:52]} 44.Re2 {[%clk 0:26:00]} Qa6 {[%clk 0:15:37]}
45.Nxf7+ {[%clk 0:22:20]} 1-0

[Event "Russian Higher League 2021"]
[Site "?"]
[Date "2021.06.29"]
[Round "4.26"]
[White "Chyndygyr, Tamerlan"]
[Black "Grachev, Alexey"]
[Result "0-1"]
[WhiteElo "2121"]
[BlackElo "2347"]
[Annotator ""]
[Source ""]
[Remark ""]

1.d4 {[%clk 1:30:58]} Nf6 {[%clk 1:30:56]} 2.c4 {[%clk 1:31:20]}
g6 {[%clk 1:31:17]} 3.Nc3 {[%clk 1:31:44]} d5 {[%clk 1:31:37]}
4.Bg5 {[%clk 1:31:58]} Bg7 {[%clk 1:31:24]} 5.Bxf6 {[%clk 1:32:16]}
Bxf6 {[%clk 1:31:48]} 6.cxd5 {[%clk 1:32:30]} c6 {[%clk 1:31:25]}
7.e4 {[%clk 1:32:10]} O-O {[%clk 1:31:37]} 8.dxc6 {[%clk 1:30:45]}
Bxd4 {[%clk 1:25:51]} 9.cxb7 {[%clk 1:23:01]} Bxb7 {[%clk 1:26:08]}
10.Bd3 {[%clk 1:23:00]} Bxc3+ {[%clk 1:12:57]} 11.bxc3 {[%clk 1:23:23]}
Nd7 {[%clk 1:13:17]} 12.f3 {[%clk 1:00:21]} Nc5 {[%clk 1:09:05]}
13.Bc4 {[%clk 0:49:26]} Qc7 {[%clk 1:07:20]} 14.Qe2 {[%clk 0:43:56]}
Rac8 {[%clk 1:06:18]} 15.Rb1 {[%clk 0:35:41]} Na4 {[%clk 1:02:28]}
16.Rb4 {[%clk 0:35:20]} Nb6 {[%clk 1:01:58]} 17.Bb3 {[%clk 0:32:25]}
Qxc3+ {[%clk 1:02:12]} 18.Qd2 {[%clk 0:32:50]} Qa1+ {[%clk 1:02:18]}
19.Kf2 {[%clk 0:32:39]} Rc1 {[%clk 0:59:16]} 20.g3 {[%clk 0:32:07]}
Ba6 {[%clk 0:52:01]} 21.h4 {[%clk 0:27:31]} Bc4 {[%clk 0:49:17]}
22.Kg2 {[%clk 0:16:54]} Bxb3 {[%clk 0:48:33]} 23.axb3 {[%clk 0:16:17]}
Rfc8 {[%clk 0:41:11]} 24.Qe3 {[%clk 0:16:13]} Qa6 {[%clk 0:32:22]}
25.Rh2 {[%clk 0:11:01]} R8c3 {[%clk 0:26:17]} 26.Qd4 {[%clk 0:10:54]}
Qf1+ {[%clk 0:24:54]} 27.Kh1 {[%clk 0:11:11]} Qxf3+ {[%clk 0:24:11]}
28.Rg2 {[%clk 0:11:35]} R3c2 {[%clk 0:23:56]} 0-1